Geology /

Saved in:
Bibliographic Details
Main Author: Chamberlin, Thomas Crowder, 1843-1928
Other Authors: Salisbury, Rollin D., 1858-1922
Format: Book
Language:English
Published: London : Murray, 1906-1907.
Edition:2nd ed. rev.
Subjects:
LEADER 01415cam a2200337 a 4500
001 c000404120
003 CARM
005 20190417111931.0
008 190417s1906 enk 000 0 eng d
019 1 |a 9722887  |5 LACONCORD2021 
035 |a (OCoLC)221275247  |5 LACONCORD2021 
040 |a TU  |b eng  |c TU  |d VCAV 
082 0 4 |a 550  |2 22 
100 1 |a Chamberlin, Thomas Crowder,  |d 1843-1928. 
245 1 0 |a Geology /  |c by Thomas C. Chamberlin and Rollin D. Salisbury. 
250 |a 2nd ed. rev. 
260 |a London :  |b Murray,  |c 1906-1907. 
300 |a 3 v. :  |b ill., maps, tables. ;  |c 23 cm. 
500 |a V.1 Geologic processes and their results -- v.2 Earth history: genesis-paleozoic 
650 0 |a Geology. 
700 1 |a Salisbury, Rollin D.,  |d 1858-1922. 
852 8 |b CARM  |i B12762  |p 0654667  |j v.1  |f BK 
852 8 |b CARM  |i B12762  |p 0654668  |j v.2  |f BK 
852 8 |b SCAN  |h A3:AF33A0  |i B12762  |p 0654667  |f BK 
852 8 |b SCAN  |h A3:AF33A0  |i B12762  |p 0654668  |f BK 
852 8 |b SCAN  |h A3:AF33A0  |i B12762  |p 0654667  |f BK 
852 8 |b SCAN  |h A3:AF33A0  |i B12762  |p 0654668  |f BK 
999 f f |i f0cd5ee2-1802-5a9f-8b4f-e727aa978cb0  |s 18cedae3-342f-5a9a-bc12-fdb70ac26389 
952 f f |p Can circulate  |a CAVAL  |b CAVAL  |c CAVAL  |d CARM 1 Store  |e B12762  |h Other scheme  |i book  |m 0654668 
952 f f |p Can circulate  |a CAVAL  |b CAVAL  |c CAVAL  |d CARM 1 Store  |e B12762  |h Other scheme  |i book  |m 0654667 
952 f f |a CAVAL  |b CAVAL  |c CAVAL  |d Unmapped Location  |e B12762  |f A3:AF33A0  |h Other scheme